| 000 | 00646nam a22002057a 4500 | ||
|---|---|---|---|
| 005 | 20160112111549.0 | ||
| 010 | _aENG-114401 | ||
| 020 |
_a9789351435860 _c695.00 |
||
| 035 | _aEN-97933 | ||
| 037 | _bDBAD/PUB | ||
| 082 | _a658.816 | ||
| 100 | _aBilaney. Sunny Kishore | ||
| 245 |
_aProfessional's guide to domestic transfer pricing / _cby Sunny Kishore Bilaney |
||
| 250 | _a2nd ed | ||
| 260 |
_aGurgaon _bLexisNexis _c2015 |
||
| 270 |
_a14th Floor, Building No.10, Tower-B, DLF Cyber City, Phase-II _bGurgaon _e122002 |
||
| 300 |
_axxvii,233p. _c24cm(pbk) |
||
| 500 | _aIncludes index | ||
| 942 |
_2ddc _cEN _mBIL _h658.816 |
||
| 999 |
_c97952 _d97952 |
||